000 00444nam a2200181Ia 4500
005 20250326142442.0
008 250326s9999 xx 000 0 und d
037 _aTextbook
040 _aFMSL
_beng
_cFMSL
041 _aeng
_2eng
084 _qFMSL
100 _aSingh N K
245 0 _aStripped steel
_cSingh N K
260 _aNew Delhi
_bNew Delhi, Excel Books
_c1997
300 _a173p
942 _cTB
999 _c1295094
_d1295094